| 000 | 00417nam a2200157 a 4500 | ||
|---|---|---|---|
| 005 | 20140412111425.0 | ||
| 008 | 080221s19uu xx 00 eng d | ||
| 020 | _a0-7329-6254-4 | ||
| 050 |
_aM 621.8 _bC67 2000 |
||
| 100 | _aCole, Sally | ||
| 245 |
_aCranes / _cSally Cole. |
||
| 260 |
_aHongkong : _bMacmillan, _c2000. |
||
| 300 | _a16p. | ||
| 650 |
_aCranes, Derricks,etc _xJuvenile literature |
||
| 999 |
_c106185 _d106185 |
||